Cell and Molecular Biology / (Record no. 35941)
[ view plain ]
| 000 -LEADER | |
|---|---|
| fixed length control field | 00445nam a22001697a 4500 |
| 005 - DATE AND TIME OF LATEST TRANSACTION | |
| control field | 20240624091828.0 |
| 008 - FIXED-LENGTH DATA ELEMENTS--GENERAL INFORMATION | |
| fixed length control field | 240624b |||||||| |||| 00| 0 eng d |
| 020 ## - INTERNATIONAL STANDARD BOOK NUMBER | |
| ISBN | 8471338178 |
| 082 ## - DEWEY DECIMAL CLASSIFICATION NUMBER | |
| Classification number | 615 |
| Item number | GUP-C |
| 100 ## - MAIN ENTRY--AUTHOR | |
| Author Name | Gupta P.K |
| 245 ## - TITLE STATEMENT | |
| Title | Cell and Molecular Biology / |
| Statement of responsibility, etc. | Gupta P.K |
| 260 ## - PUBLICATION, DISTRIBUTION, ETC. | |
| Place of Publication | India ; |
| Name of publisher, distributor, etc. | Rakesh Kumar : |
| Date of publication, distribution, etc. | 2010 |
| 300 ## - PHYSICAL DESCRIPTION | |
| Pages | xxvii : |
| 500 ## - GENERAL NOTE | |
| General note | include index . |
| 650 ## - SUBJECT ADDED ENTRY--TOPICAL TERM | |
| Subject / Department | Medical / Biology |
| 300 ## - PHYSICAL DESCRIPTION | |
| -- | ill; |
| -- | 24 cm. |
| 952 ## - LOCATION AND ITEM INFORMATION (KOHA) | |
| -- | 0 |
| -- | 0 |
| 952 ## - LOCATION AND ITEM INFORMATION (KOHA) | |
| -- | 0 |
| -- | 0 |
| 952 ## - LOCATION AND ITEM INFORMATION (KOHA) | |
| -- | 0 |
| -- | 0 |
| Lost status | Damaged status | Collection code | Permanent Location | Current Location | Shelving Location | Date acquired | Full Call Number | Accession No./Barcode | Date last seen | Copy number | item type | Koha item type |
|---|---|---|---|---|---|---|---|---|---|---|---|---|
| Medical | Superior Information Resource Center (SIRC) Superior University- Main Campus | Superior Information Resource Center (SIRC) Superior University- Main Campus | Biology | 06/24/2024 | 615 GUP-C 2010 | 10491 | 06/24/2024 | 1 | BOOK | BOOK | ||
| Medical | Superior Information Resource Center (SIRC) Superior University- Main Campus | Superior Information Resource Center (SIRC) Superior University- Main Campus | Biology | 06/24/2024 | 615 GUP-C 2010 | 10492 | 06/24/2024 | 2 | BOOK | BOOK | ||
| Medical | Superior Information Resource Center (SIRC) Superior University- Main Campus | Superior Information Resource Center (SIRC) Superior University- Main Campus | Biology | 06/24/2024 | 615 GUP-C 2010 | 10493 | 06/24/2024 | 3 | BOOK | BOOK |
